000 03186 a2200313 4500
999 _c116546
_d116546
003 BJBSDDR
005 20230411090806.0
007 ta
008 220808s2022 sp ||||| |||| 00| 0 spa d
020 _a9788423433490
020 _a8423433498
040 _bspa
_cBJBSDDR
041 _aspa
_heng
050 1 4 _aHD 78
_bD143p 2022
100 1 _aDalio, Ray
_d1949‐
_q(Raymond Thomas),
240 1 0 _aPrinciples for dealing with the changing world order.
_lEspañol
245 1 0 _aPrincipios para enfrentarse al nuevo orden mundial :
_bpor qué triunfan y fracasan los países /
_cRay Dalio ; traducción de Diego Sánchez de la Cruz.
260 _aBarcelona :
_bDeusto,
_c2022.
300 _ax, 660 p. :
_bill. ;
_c23 cm
500 _aTít. orig.: Principles for dealing with the changing world Ooder: why nations succeed and fail.
520 _aLos tiempos que vienen serán radicalmente diferentes a los que hemos vivido hasta ahora, pero se parecerán mucho a otras etapas de la historia. Esta es la principal conclusión a la que ha llegado el experto inversor Ray Dalio, después de un titánico estudio de episodios análogos al presente en los últimos quinientos años: los ciclos históricos siempre han sido muy similares entre ellos.Después de su bestseller mundial "Principios", Dalio vuelve con un nuevo libro, en el que descubre los ciclos que explican del auge y la caída de los grandes imperios, como el holandés, el inglés y el estadounidense. En nuestros días, aparentemente, asistimos al declive de Estados Unidos, y al progresivo ascenso de China como potencia dominante. Si hacemos caso a estas «señales», interpretadas bajo un análisis comparativo con periodos históricos anteriores, estamos a las puertas del alumbramiento de un nuevo orden mundial. En este libro encontraremos una panorámica global de las fuerzas que han impulsado históricamente el éxito de los países y su posterior decadencia. La historia se repite, sostiene Dalio, en un «Gran Ciclo arquetípico»: todos los nuevos imperios han vivido una fase de liderazgo, crecimiento pacífico y prosperidad; una pérdida de competitividad y productividad, con una crisis fruto de la sobreexpansión; y un periodo de declive, en la forma de pérdida de poder financiero, conflictos internos y guerras o revoluciones. Todas estas «señales», que podemos identificar también hoy, preludian la consagración de la nueva potencia mundial, reiniciándose de nuevo el «Gran Ciclo».Basándose en este descubrimiento de los patrones del cambio económico y social, Dalio aspira también a brindar algunas valiosas pistas, para líderes políticos y empresariales y para todos nosotros, sobre cómo puede ser el futuro próximo. El «Steve Jobs del mundo de la inversión», como ha sido apodado, nos ofrece un mapa incomparable que nos permitirá anticipar el porvenir a partir del estudio del pasado
650 4 _92117
_aDesarrollo económico
_xHistoria
650 4 _94323
_aPolítica económica
_xHistoria
650 4 _93048
_aBalance de poder
650 4 _928
_aHistoria económica
700 1 _924036
_aSánchez de la Cruz, Diego.
_etraductor
942 _2lcc
_cBK
946 _irmza